| 000 | 00873nam a22002417a 4500 | ||
|---|---|---|---|
| 005 | 20240530110956.0 | ||
| 008 | 141112s2007 ua gr 000 0 ara d | ||
| 020 | _a995732294x | ||
| 040 | _aEG-CaGPL | ||
| 082 | 0 | 4 |
_221 _a658.05 \ _bع ع |
| 100 | 0 | _aعمر خالد زريقات | |
| 245 | 1 | 0 |
_aعقد التجارة الالكترونية : _bعقد البيع عبر الانترنت دراسة تحليلية / _cتاليف عمر خالد زريقات |
| 250 | _aط 1 | ||
| 260 |
_aالاردن : _bدار الحامد للنشر والتوزيع، _c2007 |
||
| 300 |
_a498 ص ؛ _c24 سم |
||
| 650 | 0 | 4 | _aالتجارة الالكترونية |
| 650 | 0 | 4 | _aالعقود الالكترونية |
| 650 | 0 | 4 | _aحماية المستهلك |
| 651 | _aالاردن | ||
| 651 | _aمصر | ||
| 942 |
_2ddc _cBK |
||
| 999 |
_c67087 _d67087 |
||